00605nam a2200181Ia 4500008004100000020001500041041001200056082001600068100001900084245006300103250000800166260003900174300000800213650000800221942000700229999001500236952017200251221030s9999 xx 000 0 und d a8178085011 aEnglish a105.23bGay aR. A. Gayakwad 0aOp - Amps & Linear Integrated Circuitscby R. A. Gayakwad a4th bPearson EducationaNew Delhic2002 a543 aECE cBK c3210d3210 pBE 5179g295.00l0o105.23 Gayr2024-06-13 00:00:00w2022-10-30yBK003Print4070aMIETLIBbMIETLIBcBL-Academic Block- A, FL-1, CUP-10, SH-2, R-2d2002-05-2910HBE